=LDR 00000nam 2200000 4500 =001 INLIS000000000034683 =005 20140705145022.0 =006 =007 =008 ind =035 ##$$0010-061300000034683 =041 ##$$a ind =082 ##$$a 813 =090 ##$$a 813, Rab b =100 ##$$a Rabin, Staton =245 ##$$a Betsy dan sang kaisar/Staton Rabin; Alih bahasa, Donna Widjayanto =260 ##$$a 2006 $b Jakarta =300 ##$$a 269 hlm., Ilus., 20 cm =650 ##$$a Fiksi Indonesia - Dewasa =700 ##$$a Wijayanto, Donna =850 ##$$a NBPNMAT =990 ##$$a 0001/BPAP-NTB/2016